Reporting News About Religion (Record no. 4544)

MARC details
000 -LEADER
fixed length control field 00405nam a22001697a 4500
005 - DATE AND TIME OF LATEST TRANSACTION
control field 20160628155101.0
008 - FIXED-LENGTH DATA ELEMENTS--GENERAL INFORMATION
fixed length control field 160628b xxu||||| |||| 00| 0 eng d
020 ## - INTERNATIONAL STANDARD BOOK NUMBER
ISBN 81-229-0172-7
041 ## - LANGUAGE CODE
Language code of text/sound track or separate title eng
082 ## - DEWEY DECIMAL CLASSIFICATION NUMBER
Item number 10949
100 ## - MAIN ENTRY--AUTHOR NAME
Personal name Budden Baum, Judith M
245 ## - TITLE STATEMENT
Title Reporting News About Religion
260 ## - PUBLICATION, DISTRIBUTION, ETC. (IMPRINT)
Name of publisher surjeet Publications
300 ## - PHYSICAL DESCRIPTION
Number of Pages 213
650 ## - SUBJECT ADDED ENTRY--TOPICAL TERM
Topical Term Management
942 ## - ADDED ENTRY ELEMENTS (KOHA)
Koha item type Books
Holdings
Lost status Damaged status Home library Current library Shelving location Date acquired Cost, normal purchase price Full call number Accession Number Koha item type
    JRU Library   SHELF-31-I 28/06/2016 195.00 10949 10949 Books